[Event "Ceske Budejovice op-A"]
[Site "Ceske Budejovice"]
[Date "2023.07.04"]
[Round "4"]
[White "Svanda, Radek"]
[Black "Novak, Vaclav"]
[Result "0-1"]
[WhiteElo "1747"]
[BlackElo "1899"]
[PlyCount "46"]
[EventDate "2023.07.01"]
[EventType "swiss"]
[EventRounds "9"]
[EventCountry "CZE"]
[SourceTitle "CBM 215 Extra"]
[Source "ChessBase"]
[SourceDate "2023.09.30"]
[SourceVersion "1"]
[SourceVersionDate "2023.09.30"]
[SourceQuality "1"]

1. e4 d5 2. exd5 Nf6 3. d4 Nxd5 4. Nf3 Bg4 5. Be2 e6 6. 0-0 Be7 7. c3 0-0 8. h3 Bf5 9. Bd3 Bg6 10. Bxg6 hxg6 11. c4 Nb6 12. c5 Nd5 13. Nc3 Nc6 14. Nxd5 Qxd5 15. Be3 Rfd8 16. Qd2 b6 17. Rfd1 bxc5 18. dxc5 Qc4 19. b3 Rxd2 20. bxc4 Rc2 21. Rdc1 Nb4 22. Bf4 Rxc1+ 23. Rxc1 Nd3 0-1

[Event "Litomysl op 12th"]
[Site "Litomysl"]
[Date "2010.12.26"]
[Round "1"]
[White "Olsarova, Karolina"]
[Black "Svanda, Radek"]
[Result "1-0"]
[WhiteElo "2202"]
[BlackElo "1832"]
[PlyCount "109"]
[EventDate "2010.12.26"]
[EventType "swiss"]
[EventRounds "9"]
[EventCountry "CZE"]
[SourceTitle "CBM 140 Extra"]
[Source "ChessBase"]
[SourceDate "2011.03.01"]
[SourceVersion "1"]
[SourceVersionDate "2011.03.01"]
[SourceQuality "1"]

1. e4 c6 2. d4 g6 3. Nc3 d5 4. h3 Bg7 5. Nf3 dxe4 6. Nxe4 Nf6 7. Nxf6+ exf6 8. Bc4 0-0 9. 0-0 Nd7 10. Bb3 a5 11. a4 Nb6 12. c4 Be6 13. Qc2 f5 14. Be3 Qc7 15. Rfd1 f4 16. Bd2 h6 17. Qe4 Bxc4 18. Bxf4 Qd8 19. Bxc4 Nxc4 20. Qc2 Nb6 21. Be5 Nd5 22. Rac1 Re8 23. Qb3 Qb6 24. Qc2 Qb4 25. Rd3 Qe7 26. Rb3 Nb4 27. Qc4 Nd5 28. Bg3 Kh7 29. Re1 Qd7 30. Ne5 Bxe5 31. dxe5 Nb4 32. Rf3 Nd5 33. Qh4 Re6 34. Rd1 Qe7 35. Qg4 Rf8 36. Bh4 f6 37. exf6 Nxf6 38. Qd4 g5 39. Bg3 Nd5 40. Rb3 Nf4 41. Bxf4 Rxf4 42. Qd3+ Kg7 43. Qc3+ Rff6 44. Qxa5 Re2 45. Rf1 Qf7 46. Qb6 Kg6 47. Qxb7 Qd5 48. Qb6 Qd2 49. Qb4 Rexf2 50. Qxd2 Rxd2 51. Rxf6+ Kxf6 52. a5 Rd1+ 53. Kf2 Rd5 54. a6 Ra5 55. Ra3 1-0

[Event "Zdar nad Sazavou Vysocina op 7th"]
[Site "Zdar nad Sazavou"]
[Date "2010.10.02"]
[Round "9"]
[White "Jiruse, Josef"]
[Black "Svanda, Radek"]
[Result "1/2-1/2"]
[WhiteElo "2078"]
[BlackElo "1814"]
[PlyCount "49"]
[EventDate "2010.09.25"]
[EventType "swiss"]
[EventRounds "9"]
[EventCountry "CZE"]
[SourceTitle "CBM 138 Extra"]
[Source "ChessBase"]
[SourceDate "2010.10.29"]
[SourceVersion "1"]
[SourceVersionDate "2010.10.29"]
[SourceQuality "1"]

1. g3 c6 2. Bg2 d5 3. d3 Nf6 4. b3 e6 5. Bb2 Be7 6. Nf3 Nbd7 7. 0-0 0-0 8. c4 b6 9. Nc3 Bb7 10. Rc1 c5 11. cxd5 Nxd5 12. Ne4 N5f6 13. Ned2 Rc8 14. a3 Nb8 15. Rc2 Nc6 16. Qa1 Qd7 17. Rfc1 Nd4 18. Nxd4 Bxg2 19. Kxg2 cxd4 20. Rxc8 Rxc8 21. Rxc8+ Qxc8 22. Bxd4 Qc6+ 23. Nf3 Qc2 24. Qb2 Qxb2 25. Bxb2 1/2-1/2